MARC

LEADER 00000nam a2200000Ia 4500
001
008 160829s9999 xx 000 0 cat d
100 |a Sanmartí i Grego, Enric  |9 19674 
245 |a Publicaciones del Instituto de Prehistoria y Arqueología / por Enrique Sanmartí Grego 
260 |a San Jorge, núm. 92 (4rt trimestre 1973), pàg 42 - 43 
650 |a Institut de Prehistòria i Arqueologia (Barcelona)  |x Edició   |9 43462 
650 0 |a Arqueologia  |x Bibliografia  |9 43463 
901 |a Arxiu 
942 |n 1 
952 |0 0  |1 0  |4 0  |7 1  |9 51456  |a Arxiu  |b Arxiu  |d 2016-12-01  |l 0  |r 2016-12-01 00:00:00  |w 2016-12-01  |y ARXIU 
999 |c 55300  |d 55300